Statistiques concernant Sites touristiques par mauvais avis

Cliquez ici pour prendre le quiz!

Statistiques générales

  • Ce quiz a été pris 92 fois
  • Le résultat moyen est 6 sur 10

Statistiques - réponses

AvisSite touristique% Correct
Vraiment dégueulasse du papier partout de la pisse de partout la chasse d’eau qui est bloqué enfin bon je pense pas que la Joconde serais contenteMusée du Louvre
98%
L’horloge va trop vite on peut pas lire l’heure.Big Ben
81%
Franchment les gars c'est une montagne, calmez vous.Mont blanc
73%
Un peu déçu je vous avouerais après c'est le Brezil donc bon...Corcovado / Christ rédempteur
65%
20€ pour visiter un chantier. Superbes grues et transpalettes, malheureusement il reste quelques colonnes grecques entre les échafaudages.Acropole
64%
Tout simplement horrible !!! Pas une seule baraque à frite sur le chemin, il y a trop de marches et pas un seul monte escalier stannah L'organisation asiatique n'est plus ce qu'elle était...La Grande muraille de Chine
64%
Tout cet engouement pour une statuette qui urine. C'est pas ouf au final.Mannekenpis
57%
Le pont s'appelle le "______ ____ ______" !! Je pensais que le pont était en or aussi! Le pont est gris.Golden Gate Bridge
53%
Grâce à cette visite je ne suis plus chrétien. Superbe démonstration d'excès de richesse.Vatican
48%
BofBurj Khalifa
2%

Distribution des résultats

Percentile par nombre de réponses

% des personnes avec chaque résultat

Votre développement - résultats

Vous n’avez pas pris ce quiz